<?xml version="1.0" encoding="UTF-8"?><?xml-stylesheet type="text/xsl" href="static/style.xsl"?><OAI-PMH xmlns="http://www.openarchives.org/OAI/2.0/" xmlns:xsi="http://www.w3.org/2001/XMLSchema-instance" xsi:schemaLocation="http://www.openarchives.org/OAI/2.0/ http://www.openarchives.org/OAI/2.0/OAI-PMH.xsd"><responseDate>2026-04-17T05:30:47Z</responseDate><request verb="GetRecord" identifier="oai:www.recercat.cat:11351/5759" metadataPrefix="marc">https://recercat.cat/oai/request</request><GetRecord><record><header><identifier>oai:recercat.cat:11351/5759</identifier><datestamp>2024-12-13T09:31:04Z</datestamp><setSpec>com_2072_378070</setSpec><setSpec>com_2072_378040</setSpec><setSpec>col_2072_378092</setSpec></header><metadata><record xmlns="http://www.loc.gov/MARC21/slim" xmlns:dcterms="http://purl.org/dc/terms/" xmlns:xsi="http://www.w3.org/2001/XMLSchema-instance" xmlns:doc="http://www.lyncode.com/xoai" xsi:schemaLocation="http://www.loc.gov/MARC21/slim http://www.loc.gov/standards/marcxml/schema/MARC21slim.xsd">
   <leader>00925njm 22002777a 4500</leader>
   <datafield ind2=" " ind1=" " tag="042">
      <subfield code="a">dc</subfield>
   </datafield>
   <datafield ind2=" " ind1=" " tag="720">
      <subfield code="a">Turner, N. C.</subfield>
      <subfield code="e">author</subfield>
   </datafield>
   <datafield ind2=" " ind1=" " tag="720">
      <subfield code="a">Alarcón, E.</subfield>
      <subfield code="e">author</subfield>
   </datafield>
   <datafield ind2=" " ind1=" " tag="720">
      <subfield code="a">Armstrong, A. C.</subfield>
      <subfield code="e">author</subfield>
   </datafield>
   <datafield ind2=" " ind1=" " tag="720">
      <subfield code="a">Philco, M.</subfield>
      <subfield code="e">author</subfield>
   </datafield>
   <datafield ind2=" " ind1=" " tag="720">
      <subfield code="a">López Chuken, Y. A.</subfield>
      <subfield code="e">author</subfield>
   </datafield>
   <datafield ind2=" " ind1=" " tag="720">
      <subfield code="a">Sablin, Marie-Paule</subfield>
      <subfield code="e">author</subfield>
   </datafield>
   <datafield ind2=" " ind1=" " tag="720">
      <subfield code="a">Antunes de Melo Oliveira, Ana Mafalda</subfield>
      <subfield code="e">author</subfield>
   </datafield>
   <datafield ind2=" " ind1=" " tag="260">
      <subfield code="c">2021-03-16T09:36:56Z</subfield>
   </datafield>
   <datafield ind2=" " ind1=" " tag="260">
      <subfield code="c">2021-03-16T09:36:56Z</subfield>
   </datafield>
   <datafield ind2=" " ind1=" " tag="260">
      <subfield code="c">2019-05-01</subfield>
   </datafield>
   <datafield ind2=" " ind1=" " tag="520">
      <subfield code="a">Inhibidor de l'AKT; PIK3CA; Capivasertib</subfield>
   </datafield>
   <datafield ind2=" " ind1=" " tag="520">
      <subfield code="a">Inhibidor de AKT; PIK3CA; Capivasertib</subfield>
   </datafield>
   <datafield ind2=" " ind1=" " tag="520">
      <subfield code="a">AKT inhibitor; PIK3CA; Capivasertib</subfield>
   </datafield>
   <datafield ind2=" " ind1=" " tag="520">
      <subfield code="a">Background&#xd;
BEECH investigated the efficacy of capivasertib (AZD5363), an oral inhibitor of AKT isoforms 1–3, in combination with the first-line weekly paclitaxel for advanced or metastatic estrogen receptor-positive (ER+)/human epidermal growth factor receptor 2-negative (HER2−) breast cancer, and in a phosphoinositide 3-kinase, catalytic, alpha polypeptide mutation sub-population (PIK3CA+).&#xd;
Patients and methods&#xd;
BEECH consisted of an open-label, phase Ib safety run-in (part A) in 38 patients with advanced breast cancer, and a randomised, placebo-controlled, double-blind, phase II expansion (part B) in 110 women with ER+/HER2− metastatic breast cancer. In part A, patients received paclitaxel 90 mg/m2 (days 1, 8 and 15 of a 28-day cycle) with capivasertib taken twice daily (b.i.d.) at two intermittent ascending dosing schedules. In part B, patients were randomly assigned, stratified by PIK3CA mutation status, to receive paclitaxel with either capivasertib or placebo. The primary end point for part A was safety to recommend a dose and schedule for part B; primary end points for part B were progression-free survival (PFS) in the overall and PIK3CA+ sub-population.&#xd;
Results&#xd;
Capivasertib was well tolerated, with a 400 mg b.i.d. 4 days on/3 days off treatment schedule selected in part A. In part B, median PFS in the overall population was 10.9 months with capivasertib versus 8.4 months with placebo [hazard ratio (HR) 0.80; P = 0.308]. In the PIK3CA+ sub-population, median PFS was 10.9 months with capivasertib versus 10.8 months with placebo (HR 1.11; P = 0.760). Based on the Common Terminology Criteria for Adverse Event v4.0, the most common grade ≥3 adverse events in the capivasertib group were diarrhoea, hyperglycaemia, neutropoenia and maculopapular rash. Dose intensity of paclitaxel was similar in both groups.&#xd;
Conclusions&#xd;
Capivasertib had no apparent impact on the tolerability and dose intensity of paclitaxel. Adding capivasertib to weekly paclitaxel did not prolong PFS in the overall population or PIK3CA+ sub-population of ER+/HER2− advanced/metastatic breast cancer patients.</subfield>
   </datafield>
   <datafield ind2=" " ind1=" " tag="520">
      <subfield code="a">This study was supported by AstraZeneca (no grant number applies).</subfield>
   </datafield>
   <datafield ind1="8" ind2=" " tag="024">
      <subfield code="a">http://hdl.handle.net/11351/5759</subfield>
   </datafield>
   <datafield tag="653" ind2=" " ind1=" ">
      <subfield code="a">Estrògens - Receptors</subfield>
   </datafield>
   <datafield tag="653" ind2=" " ind1=" ">
      <subfield code="a">Metàstasi</subfield>
   </datafield>
   <datafield tag="653" ind2=" " ind1=" ">
      <subfield code="a">Mama - Càncer - Tractament</subfield>
   </datafield>
   <datafield tag="653" ind2=" " ind1=" ">
      <subfield code="a">DISEASES::Neoplasms::Neoplastic Processes::Neoplasm Metastasis</subfield>
   </datafield>
   <datafield tag="653" ind2=" " ind1=" ">
      <subfield code="a">DISEASES::Neoplasms::Neoplasms by Site::Breast Neoplasms</subfield>
   </datafield>
   <datafield tag="653" ind2=" " ind1=" ">
      <subfield code="a">Other subheadings::Other subheadings::Other subheadings::/drug therapy</subfield>
   </datafield>
   <datafield tag="653" ind2=" " ind1=" ">
      <subfield code="a">CHEMICALS AND DRUGS::Amino Acids, Peptides, and Proteins::Proteins::Receptors, Cytoplasmic and Nuclear::Receptors, Steroid::Receptors, Estrogen</subfield>
   </datafield>
   <datafield tag="653" ind2=" " ind1=" ">
      <subfield code="a">ENFERMEDADES::neoplasias::procesos neoplásicos::metástasis neoplásica</subfield>
   </datafield>
   <datafield tag="653" ind2=" " ind1=" ">
      <subfield code="a">ENFERMEDADES::neoplasias::neoplasias por localización::neoplasias de la mama</subfield>
   </datafield>
   <datafield tag="653" ind2=" " ind1=" ">
      <subfield code="a">Otros calificadores::Otros calificadores::Otros calificadores::/farmacoterapia</subfield>
   </datafield>
   <datafield tag="653" ind2=" " ind1=" ">
      <subfield code="a">COMPUESTOS QUÍMICOS Y DROGAS::aminoácidos, péptidos y proteínas::proteínas::receptores citoplásmicos y nucleares::receptores de esteroides::receptores de estrógenos</subfield>
   </datafield>
   <datafield ind2="0" ind1="0" tag="245">
      <subfield code="a">BEECH: a dose-finding run-in followed by a randomised phase II study assessing the efficacy of AKT inhibitor capivasertib (AZD5363) combined with paclitaxel in patients with estrogen receptor-positive advanced or metastatic breast cancer, and in a PIK3CA mutant sub-population</subfield>
   </datafield>
</record></metadata></record></GetRecord></OAI-PMH>